Statistics for Every Place in New York With a Map

Click here to take the quiz!

General Stats

  • This quiz has been taken 243 times
  • The average score is 78 of 1189

Answers on the Map

Answers color-coded by a green-red scale on the quiz's map according to % correct below.
 

Answer Stats

TypePopulationCity/Village/CDP% Correct
City8,175,133New York
92%
City261,310Buffalo
83%
City97,856Albany
81%
City210,565Rochester
78%
City145,170Syracuse
72%
City195,976Yonkers
69%
City50,193Niagara Falls
61%
City62,235Utica
58%
City30,014Ithaca
51%
CDP4,458North Sea
49%
City66,135Schenectady
47%
City56,853White Plains
47%
City32,736Poughkeepsie
46%
City50,129Troy
46%
City33,725Rome
43%
City47,376Binghamton
41%
City77,062New Rochelle
40%
Village53,891Hempstead
38%
City67,292Mount Vernon
38%
Village2,521Lake Placid
34%
CDP3,326Montauk
34%
City18,142Oswego
34%
Village3,109Southampton
34%
City27,023Watertown
33%
City19,204Cortland
31%
City6,713Hudson
31%
City26,586Saratoga Springs
31%
Village1,083East Hampton
29%
CDP78Hunt
29%
City31,146Jamestown
29%
City33,275Long Beach
29%
City29,200Elmira
28%
City23,893Kingston
28%
City28,866Newburgh
28%
City11,393Oneida
28%
City18,620Amsterdam
27%
CDP570Northampton
27%
CDP18,046Huntington
26%
City19,989Plattsburgh
26%
Village17,166Scarsdale
26%
Village4,239Hamilton
25%
City23,583Peekskill
25%
City15,720Rye
25%
Village374Franklin
24%
CDP13,740Stony Brook
24%
Village11,277Tarrytown
24%
CDP3,079Westhampton
24%
Village1,852Cooperstown
23%
CDP18,689Islip
23%
CDP2,160Ontario
23%
CDP6,707Oyster Bay
23%
City27,687Auburn
22%
City26,964Glen Cove
22%
CDP51,881Levittown
22%
Village8,364Monroe
22%
City13,901Oneonta
22%
CDP16,258Roosevelt
22%
Village6,681Seneca Falls
22%
Village22,371Garden City
21%
CDP1,908Hyde Park
21%
Village9,870Sleepy Hollow
21%
CDP58,144Tonawanda
21%
City15,130Tonawanda
21%
Village549Cayuga
20%
Village2,171Fishkill
20%
Village8,031Geneseo
20%
City21,165Lockport
20%
Village6,765Nyack
20%
Village1,668Athens
19%
Village12,166Babylon
19%
City15,465Batavia
19%
CDP1,834Bedford
19%
City11,183Corning
19%
CDP292Fire Island
19%
Village11,230Fredonia
19%
Village9,989Great Neck
19%
CDP51,692Irondequoit
19%
CDP21,685Massapequa
19%
Village6,818New Paltz
19%
CDP15,846Port Washington
19%
Village9,428Potsdam
19%
CDP19,082Ronkonkoma
19%
CDP6,763West Point
19%
Village6,323Bronxville
18%
Village906Lake George
18%
Village305Madison
18%
Village18,929Mamaroneck
18%
CDP24,759Uniondale
18%
Village8,189Farmingdale
17%
CDP41,547Hicksville
17%
City18,141Lackawanna
17%
City28,086Middletown
17%
Village7,401Northport
17%
Village11,798Patchogue
17%
Village7,750Port Jefferson
17%
Village1,775Adams
16%
Village9,523Amityville
16%
CDP24,033Baldwin
16%
CDP16,429Bethpage
16%
Village3,969Chester
16%
Village1,942Clinton
16%
City12,563Dunkirk
16%
Village15,863Floral Park
16%
Village9,409Hamburg
16%
Village27,472Harrison
16%
Village7,743Herkimer
16%
Village1,709Manchester
16%
CDP8,080Manhasset
16%
CDP22,097Merrick
16%
Village25,060Ossining
16%
Village6,910Pelham
16%
CDP28,335West Islip
16%
City15,541Beacon
15%
Village1,101Champlain
15%
CDP75,178Cheektowaga
15%
Village10,875Dobbs Ferry
15%
CDP14,475East Islip
15%
Village42,860Freeport
15%
Village2,197Greenport
15%
City31,568North Tonawanda
15%
Village28,967Port Chester
15%
Village2,770Roslyn
15%
Village15,146Westbury
15%
CDP2,088Woodstock
15%
CDP36,609Brighton
14%
Village1,870Cambridge
14%
CDP19,554Eastchester
14%
CDP38,132East Meadow
14%
CDP33,198Elmont
14%
City14,700Glens Falls
14%
CDP33,029Huntington Station
14%
Village1,133Nassau
14%
City14,452Olean
14%
Village3,246Orchard Park
14%
City9,392Rensselaer
14%
CDP13,299Riverhead
14%
CDP26,470Smithtown
14%
CDP18,829Syosset
14%
Village37,511Valley Stream
14%
Village724Aurora
13%
Village5,786Bath
13%
Village8,366Brockport
13%
City10,545Canandaigua
13%
Village6,314Canton
13%
Village2,013Cold Spring
13%
City13,261Geneva
13%
CDP14,519Greece
13%
CDP13,567Jericho
13%
Village20,175Kiryas Joel
13%
Village5,864Larchmont
13%
Village17,008Massapequa Park
13%
Village18,799Mineola
13%
Village2,731Mohawk
13%
Village3,814Montgomery
13%
Village1,041Naples
13%
CDP33,559New City
13%
Village9,712New Hyde Park
13%
Village1,450Oxford
13%
CDP20,652Rotterdam
13%
Village946Salem
13%
CDP18,871Wantagh
13%
Village5,522Wappingers Falls
13%
Village10,686Woodbury
13%
CDP8,907Woodbury
13%
Village1,935Youngstown
13%
CDP16,218Bellmore
12%
CDP60,664Brentwood
12%
Village4,081Catskill
12%
Village750Cleveland
12%
Village15,303Depew
12%
CDP1,831Eastport
12%
City11,896Fulton
12%
Village7,849Hastings-on-Hudson
12%
Village10,352Lancaster
12%
Village2,701Lewiston
12%
Village27,253Lindenhurst
12%
Village2,347Liverpool
12%
CDP3,087Milton
12%
CDP1,403Milton
12%
Village640Newport
12%
Village497Riverside
12%
CDP2,911Riverside
12%
Village24,023Rockville Centre
12%
CDP15,294Seaford
12%
Village10,723Suffern
12%
CDP3,382Ticonderoga
12%
CDP18,862West Hempstead
12%
CDP34,450Central Islip
11%
Village8,070Croton-on-Hudson
11%
CDP3,516Eden
11%
CDP688Greenville
11%
CDP7,116Greenville
11%
CDP6,819Hewlett
11%
CDP9,792Inwood
11%
Village6,420Irvington
11%
Village9,145Newark
11%
CDP32,109Oceanside
11%
City8,828Port Jervis
11%
Village5,406Saranac Lake
11%
Village922Schoharie
11%
CDP3,243South Hempstead
11%
CDP7,238Southport
11%
Village2,696Victor
11%
Village1,859Watkins Glen
11%
Village6,056Albion
10%
Village4,452Ardsley
10%
Village3,394Avon
10%
CDP26,337Bay Shore
10%
CDP3,001Bedford Hills
10%
Village969Belmont
10%
CDP4,981Carle Place
10%
Village6,592Cedarhurst
10%
CDP1,436Chappaqua
10%
Village4,678Cobleskill
10%
CDP36,124Commack
10%
CDP26,892Dix Hills
10%
CDP7,806Garden City Park
10%
CDP4,697Glen Head
10%
Village5,454Goshen
10%
CDP4,295Herricks
10%
CDP1,206Holland
10%
Village2,934Lake Success
10%
Village6,483Lawrence
10%
Village468Leicester
10%
CDP2,897Lido Beach
10%
Village19,427Lynbrook
10%
Village8,514Malverne
10%
Village10,936Massena
10%
CDP15,481Mastic
10%
CDP24,142Medford
10%
Village1,624Mexico
10%
Village583Morris
10%
Village10,877Mount Kisco
10%
CDP14,059New Cassel
10%
City11,128Ogdensburg
10%
Village4,671Old Westbury
10%
Village5,486Pelham Manor
10%
CDP26,217Plainview
10%
Village1,349Plandome
10%
Village2,657Rhinebeck
10%
CDP12,147Stony Point
10%
Village6,486Tuckahoe
10%
CDP1,373Tuckahoe
10%
Village6,731Warwick
10%
CDP518Westport
10%
CDP44,711West Seneca
10%
Village5,300Williamsville
10%
Village916Windsor
10%
CDP17,121Woodmere
10%
CDP1,113Worcester
10%
Village434Wyoming
10%
CDP5,182Albertson
9%
Village2,547Attica
9%
Village1,193Bellerose
9%
Village2,390Brewster
9%
CDP3,451Brookhaven
9%
CDP6,510Calverton
9%
CDP3,349Cutchogue
9%
Village13,392Endicott
9%
Village2,598Frankfort
9%
CDP20,882Hauppauge
9%
Village15,174Johnson City
9%
CDP4,219Mattituck
9%
CDP1,327Norfolk
9%
CDP17,509North Babylon
9%
CDP19,941North Bellmore
9%
CDP12,272North Merrick
9%
City7,190Norwich
9%
CDP743Orient
9%
Village7,019Pleasantville
9%
Village1,961Red Hook
9%
City5,815Salamanca
9%
CDP12,093Salisbury
9%
CDP1,333Shelter Island
9%
CDP27,854Shirley
9%
Village759Spencer
9%
Village1,896Stewart Manor
9%
Village5,899Washingtonville
9%
CDP11,647Wyandanch
9%
CDP4,330Armonk
8%
CDP1,490Bridgeport
8%
Village3,747Carthage
8%
CDP191Chautauqua
8%
CDP5,070Cold Spring Harbor
8%
CDP22,993Copiague
8%
Village2,813Coxsackie
8%
Village6,236East Aurora
8%
CDP15,481Farmingville
8%
Village4,655Island Park
8%
Village359Jeffersonville
8%
CDP17,282Kings Park
8%
CDP5,615Lakeview
8%
CDP18,985Melville
8%
CDP2,838Moriches
8%
CDP5,523Old Bethpage
8%
Village3,896Owego
8%
Village3,536Palmyra
8%
Village967Quogue
8%
Village4,296Springville
8%
CDP852Verona
8%
CDP43,213West Babylon
8%
Village1,264Wilson
8%
CDP5,945Yaphank
8%
Village8,628Airmont
7%
Village2,868Akron
7%
CDP1,165Amagansett
7%
Village1,891Atlantic Beach
7%
Village5,409Ballston Spa
7%
CDP2,212Bay Park
7%
Village2,230Buchanan
7%
CDP1,402Cairo
7%
Village2,231Camden
7%
CDP31,578Centereach
7%
CDP7,580Center Moriches
7%
City16,168Cohoes
7%
Village1,575Cuba
7%
Village3,936Dannemora
7%
Village4,719Dansville
7%
CDP27,745Deer Park
7%
CDP5,249East Moriches
7%
Village6,587East Rochester
7%
Village9,818East Rockaway
7%
CDP236Fishers Island
7%
Village2,833Florida
7%
CDP12,955Fort Drum
7%
CDP29,320Franklin Square
7%
City15,665Gloversville
7%
Village6,707Great Neck Plaza
7%
Village1,777Greenwich
7%
Village280Hammond
7%
CDP13,603Hampton Bays
7%
Village1,031Hancock
7%
CDP5,293Hartsdale
7%
Village11,910Haverstraw
7%
Village1,263Hewlett Harbor
7%
CDP5,647Highland
7%
CDP376Hopewell Junction
7%
Village6,461Horseheads
7%
City8,743Johnstown
7%
CDP1,679Katonah
7%
Village1,161Kensington
7%
Village1,211Kinderhook
7%
Village5,005Kings Point
7%
CDP2,786Lakeland
7%
CDP1,394Laurel
7%
City4,946Little Falls
7%
CDP757Madrid
7%
CDP3,669Marlboro
7%
Village6,065Medina
7%
Village1,847New Hartford
7%
CDP17,886North Massapequa
7%
CDP756Old Forge
7%
Village2,347Pawling
7%
CDP15,876Pearl River
7%
Village5,159Penn Yan
7%
Village3,673Perry
7%
CDP309Phoenicia
7%
Village2,382Phoenix
7%
Village1,355Pittsford
7%
Village2,169Sag Harbor
7%
Village3,971Saugerties
7%
Village4,995Sea Cliff
7%
Village730Sherman
7%
Village3,900Sidney
7%
Village1,819Sodus
7%
CDP9,422South Huntington
7%
CDP5,748Southold
7%
CDP6,592Springs
7%
Village31,347Spring Valley
7%
Village1,119Stamford
7%
CDP13,338St. James
7%
Village623Tuxedo Park
7%
Village612Unionville
7%
Village1,172Vernon
7%
Village6,978Walden
7%
Village1,990Waterford
7%
Village5,171Waterloo
7%
Village1,583Waterville
7%
City10,254Watervliet
7%
Village5,399Webster
7%
CDP3,439West Nyack
7%
CDP1,781Yorktown Heights
7%
Village509Alexander
6%
Village4,174Alfred
6%
CDP4,061Arlington
6%
CDP559Au Sable Forks
6%
Village6,669Bayville
6%
Village1,176Bergen
6%
Village3,465Brookville
6%
CDP2,646Clarence
6%
Village3,084East Syracuse
6%
Village5,353Fairport
6%
Village4,373Fayetteville
6%
CDP603Fillmore
6%
CDP564Ghent
6%
Village1,580Greene
6%
CDP5,521Hamlin
6%
Village15,423Kenmore
6%
CDP20,155Lake Ronkonkoma
6%
Village3,002Lakewood
6%
Village3,529Lansing
6%
Village2,139Lima
6%
Village6,556Manorhaven
6%
CDP14,314Manorville
6%
Village415Milford
6%
Village6,726Monticello
6%
Village2,986Mount Morris
6%
Village3,497Muttontown
6%
CDP17,882Nanuet
6%
Village833North Haven
6%
Village5,075North Hills
6%
CDP7,974Oakdale
6%
CDP1,241Olcott
6%
Village508Poland
6%
Village3,154Port Washington North
6%
Village1,251Roslyn Estates
6%
CDP6,577Roslyn Heights
6%
Village9,347Rye Brook
6%
Village2,675Sands Point
6%
CDP16,853Sayville
6%
Village1,386Schuylerville
6%
Village3,510South Nyack
6%
Village3,601Spencerport
6%
Village2,617Thomaston
6%
Village1,797Trumansburg
6%
Village3,667Tupper Lake
6%
CDP4,226University Gardens
6%
CDP3,162Valhalla
6%
Village3,088Walton
6%
Village3,473Warsaw
6%
Village2,614Whitehall
6%
CDP367Windham
6%
Village2,071Arcade
5%
CDP1,756Bridgehampton
5%
Village1,213Camillus
5%
Village1,002Cattaraugus
5%
Village1,978Clayton
5%
Village2,559Corinth
5%
Village3,018Cornwall-on-Hudson
5%
Village3,087Delhi
5%
Village6,955East Hills
5%
CDP19,069East Massapequa
5%
CDP20,217East Northport
5%
Village2,556East Williston
5%
Village376Ellicottville
5%
Village4,664Elmsford
5%
Village4,665Flower Hill
5%
CDP1,248Gasport
5%
CDP4,910Gates
5%
CDP3,779Glenwood Landing
5%
Village2,709Gowanda
5%
Village2,761Great Neck Estates
5%
CDP629Hartwick
5%
CDP224Henderson
5%
Village404Hewlett Bay Park
5%
CDP27,195Holbrook
5%
Village3,291Homer
5%
Village502Hunter
5%
Village1,739Lattingtown
5%
CDP377Leeds
5%
Village4,391Le Roy
5%
Village3,660Lloyd Harbor
5%
CDP3,406Locust Valley
5%
Village291Lodi
5%
Village3,619Lyons
5%
CDP8,369Mahopac
5%
CDP3,592Manhasset Hills
5%
CDP12,930Mastic Beach
5%
City5,196Mechanicville
5%
Village997Mill Neck
5%
CDP18,412Monsey
5%
CDP2,731Montrose
5%
Village1,028New Berlin
5%
CDP17,862North Amityville
5%
CDP793North Lynbrook
5%
Village6,800North Syracuse
5%
CDP4,568Orangeburg
5%
Village2,197Oyster Bay Cove
5%
Village1,809Painted Post
5%
CDP8,817Plainedge
5%
CDP7,838Port Jefferson Station
5%
Village2,365Pulaski
5%
CDP425Rhinecliff
5%
CDP872Ripley
5%
CDP4,915Searingtown
5%
Village531Shoreham
5%
Village3,039Sloatsburg
5%
CDP6,673South Hill
5%
CDP5,962South Valley Stream
5%
CDP6,613Tappan
5%
Village232Turin
5%
CDP7,719Wading River
5%
CDP1,568Adams Center
4%
Village2,605Alden
4%
Village1,078Alexandria Bay
4%
Village1,816Allegany
4%
Village2,127Angola
4%
Village654Asharoken
4%
CDP8,102Baldwin Harbor
4%
Village7,378Baldwinsville
4%
CDP2,414Barnum Island
4%
Village999Baxter Estates
4%
CDP2,198Bellerose Terrace
4%
Village2,084Bellport
4%
CDP5,277Big Flats
4%
Village2,553Blasdell
4%
Village1,361Bloomfield
4%
CDP4,773Blue Point
4%
Village7,867Briarcliff Manor
4%
Village3,103Brightwaters
4%
CDP713Campbell
4%
Village2,229Canajoharie
4%
Village4,804Canastota
4%
Village634Cassadaga
4%
Village1,015Castile
4%
Village2,835Cazenovia
4%
Village1,848Central Square
4%
Village410Centre Island
4%
Village1,770Chatham
4%
Village7,916Chestnut Ridge
4%
Village1,961Churchville
4%
CDP4,358Clarkson
4%
Village7,793Colonie
4%
CDP39,113Coram
4%
Village709Corfu
4%
Village286Cove Neck
4%
Village1,663Deposit
4%
Village11Dering Harbor
4%
Village1,052Dexter
4%
Village1,890Dryden
4%
Village1,725Dundee
4%
CDP2,049East Atlantic Beach
4%
CDP6,484East Farmingdale
4%
CDP926East Marion
4%
CDP2,709East Norwich
4%
CDP22,469East Patchogue
4%
CDP4,757East Quogue
4%
Village676Elba
4%
Village4,135Ellenville
4%
CDP11,177Elwood
4%
CDP11,446Endwell
4%
CDP4,472Flanders
4%
Village484Fort Ann
4%
Village3,375Fort Edward
4%
CDP1,571Fort Montgomery
4%
CDP10,008Fort Salonga
4%
Village784Fultonville
4%
Village200Galway
4%
CDP4,024Garden City South
4%
CDP845Germantown
4%
CDP1,630Golden's Bridge
4%
CDP1,186Great Neck Gardens
4%
CDP1,489Great River
4%
CDP13,742Greenlawn
4%
CDP1,094Greenvale
4%
Village2,363Groton
4%
CDP2,498Halesite
4%
CDP1,301Harbor Isle
4%
Village2,424Harriman
4%
CDP4,586Hawthorne
4%
Village445Hewlett Neck
4%
Village3,900Highland Falls
4%
Village5,886Hilton
4%
Village458Holland Patent
4%
CDP19,714Holtsville
4%
CDP579Honeoye
4%
City8,563Hornell
4%
Village1,425Huntington Bay
4%
Village3,335Islandia
4%
CDP5,389Islip Terrace
4%
CDP1,710Jamesport
4%
Village1,368Jordan
4%
CDP1,227Lake Luzerne
4%
Village1,952Laurel Hollow
4%
Village4,392Liberty
4%
Village838Lyndonville
4%
Village1,523Macedon
4%
Village5,911Malone
4%
CDP505Malverne Park Oaks
4%
Village4,704Manlius
4%
Village810Matinecock
4%
Village832Mayfield
4%
Village1,840Middleport
4%
Village1,452Millbrook
4%
Village395Morristown
4%
CDP12,118Mount Sinai
4%
Village2,693Munsey Park
4%
CDP200Napeague
4%
CDP3,822Newfane
4%
Village6,944New Square
4%
CDP349New Suffolk
4%
CDP8,922New Windsor
4%
Village1,749Nissequogue
4%
CDP11,652North Lindenhurst
4%
CDP14,899North New Hyde Park
4%
CDP7,246North Patchogue
4%
CDP16,628North Valley Stream
4%
CDP11,960North Wantagh
4%
Village591Odessa
4%
Village2,134Old Brookville
4%
Village1,068Otisville
4%
Village602Ovid
4%
CDP683Peconic
4%
CDP1,591Peru
4%
Village1,252Philadelphia
4%
Village1,005Plandome Heights
4%
Village872Plandome Manor
4%
CDP1,145Pleasant Valley
4%
CDP1,219Point Lookout
4%
Village953Poquott
4%
Village1,286Randolph
4%
CDP1,419Ransomville
4%
CDP605Redwood
4%
Village508Remsen
4%
CDP13,336Ridge
4%
Village1,051Roslyn Harbor
4%
Village2,209Rouses Point
4%
Village945Russell Gardens
4%
Village830Saddle Rock
4%
Village827Savona
4%
CDP711Scotts Corners
4%
CDP19,851Selden
4%
City3,071Sherrill
4%
CDP2,011Shrub Oak
4%
Village2,656Silver Creek
4%
Village900Sodus Point
4%
CDP14,486South Farmingdale
4%
Village1,764South Floral Park
4%
Village324Speculator
4%
CDP377Staatsburg
4%
Village539Tannersville
4%
CDP3,759Thornwood
4%
Village1,118Tivoli
4%
Village873Tully
4%
Village1,698Upper Brookville
4%
CDP9,107Valley Cottage
4%
CDP1,729Verplanck
4%
CDP2,288Wallkill
4%
CDP3,103Warrensburg
4%
CDP1,559Water Mill
4%
Village4,444Waverly
4%
Village4,679Wellsville
4%
Village3,224Westfield
4%
Village1,721Westhampton Beach
4%
Village55West Hampton Dunes
4%
Village10,165West Haverstraw
4%
CDP5,592West Hills
4%
Village3,772Whitesboro
4%
Village7,287Williston Park
4%
CDP937Wilmington
4%
Village1,701Wolcott
4%
Village778Woodsburgh
4%
CDP1,180Yorkshire
4%
Village1,763Addison
3%
CDP955Amenia
3%
Village686Antwerp
3%
CDP2,438Aquebogue
3%
Village946Avoca
3%
Village533Barker
3%
CDP8,896Bayport
3%
Village792Belle Terre
3%
Village2,072Boonville
3%
Village2,201Caledonia
3%
Village3,729Cayuga Heights
3%
CDP5,508Centerport
3%
CDP677Chestertown
3%
CDP2,257Clarence Center
3%
Village838Cohocton
3%
Village801Copenhagen
3%
CDP1,534Crugers
3%
Village1,089Delevan
3%
Village2,206Dolgeville
3%
CDP391Duanesburg
3%
CDP6,208East Garden City
3%
CDP4,487East Greenbush
3%
CDP1,406Eatons Neck
3%
Village4,097Elmira Heights
3%
CDP5,515Fairview
3%
CDP3,099Fairview
3%
Village795Fonda
3%
Village229Gainesville
3%
CDP950Gardiner
3%
CDP131Gilgo
3%
CDP4,042Gordon Heights
3%
CDP2,124Greenport West
3%
Village3,154Greenwood Lake
3%
Village661Hammondsport
3%
Village555Hannibal
3%
CDP575Harbor Hills
3%
Village628Harrisville
3%
Village1,472Head of the Harbor
3%
Village951Hillburn
3%
Village2,674Honeoye Falls
3%
CDP1,693Houghton
3%
Village8,053Ilion
3%
Village11,163Lake Grove
3%
CDP1,521Lincolndale
3%
Village1,143Little Valley
3%
Village1,409Livonia
3%
CDP547Long Lake
3%
Village3,470Lowville
3%
CDP1,511Marion
3%
CDP10,483Middle Island
3%
Village958Millerton
3%
Village3,449Minoa
3%
Village4,526Montebello
3%
Village2,199Morrisville
3%
CDP11,545North Bellport
3%
CDP616North Creek
3%
CDP1,340Northville
3%
Village1,099Northville
3%
CDP3,317Northwest Harbor
3%
CDP3,568Noyack
3%
Village1,377Nunda
3%
Village918Old Field
3%
Village479Panama
3%
Village2,510Piermont
3%
CDP371Pike
3%
CDP1,353Pine Plains
3%
Village3,103Pomona
3%
CDP816Quiogue
3%
Village3,268Ravena
3%
CDP14,014Rocky Point
3%
CDP541Roscoe
3%
CDP466Saddle Rock Estates
3%
Village313Sagaponack
3%
Village771Sandy Creek
3%
CDP1,048Shelter Island Heights
3%
CDP2,188Shinnecock Hills
3%
Village2,450Skaneateles
3%
Village1,145South Corning
3%
Village3,518South Glens Falls
3%
CDP4,123Spackenkill
3%
CDP2,044St. Bonaventure
3%
CDP11,849Terryville
3%
CDP74Tuscarora
3%
Village1,128Unadilla
3%
Village1,807Village of the Branch
3%
CDP1,689Washington Heights
3%
Village1,865Wayland
3%
CDP2,495Williamson
3%
Village407Altmar
2%
Village1,042Andover
2%
CDP1,675Angola on the Lake
2%
CDP1,131Apalachin
2%
Village1,355Bainbridge
2%
CDP1,642Baiting Hollow
2%
Village284Barneveld
2%
Village1,348Black River
2%
CDP5,689Blauvelt
2%
CDP10,180Bohemia
2%
CDP4,029Brewerton
2%
Village1,327Broadalbin
2%
Village1,486Brocton
2%
CDP3,491Calcium
2%
Village726Cape Vincent
2%
Village1,473Castleton-on-Hudson
2%
Village624Chaumont
2%
CDP565Chazy
2%
Village520Cherry Valley
2%
Village5,081Chittenango
2%
CDP8,363Congers
2%
CDP1,182Constantia
2%
CDP2,292Crompond
2%
CDP1,627Cumberland Head
2%
Village308Dresden
2%
Village872Earlville
2%
CDP4,142East Hampton North
2%
CDP754Elizabethtown
2%
Village244Ellisburg
2%
CDP483Erin
2%
Village345Esperance
2%
Village745Fair Haven
2%
Village2,420Falconer
2%
Village382Farnham
2%
Village2,322Fort Plain
2%
Village3,949Gouverneur
2%
Village2,543Granville
2%
Village1,811Holley
2%
Village3,501Hoosick Falls
2%
CDP2,843Horseheads North
2%
Village7,281Hudson Falls
2%
Village602Interlaken
2%
Village4,724Kaser
2%
CDP465Kennedy
2%
CDP1,684Kerhonkson
2%
CDP8,282Lake Carmel
2%
CDP2,397Lake Katrine
2%
CDP756Lakeville
2%
Village354Mannsville
2%
Village919Marathon
2%
Village1,711Mayville
2%
Village3,990Menands
2%
Village1,500Middleburgh
2%
Village512Middleville
2%
CDP12,339Miller Place
2%
Village1,711Montour Falls
2%
CDP442Mooers
2%
Village1,282Moravia
2%
CDP13,387Nesconset
2%
Village5,132New Hempstead
2%
Village512Nichols
2%
CDP4,859Niskayuna
2%
CDP18,944North Bay Shore
2%
Village1,232North Collins
2%
Village1,657Norwood
2%
Village1,813Oakfield
2%
Village1,400Oriskany
2%
Village450Parish
2%
CDP1,780Pine Bush
2%
CDP1,364Plattsburgh West
2%
Village1,290Port Byron
2%
CDP3,546Port Ewen
2%
CDP424Pottersville
2%
CDP2,642Remsenburg-Speonk
2%
Village918Richmondville
2%
Village323Richville
2%
CDP409Romulus
2%
Village623Round Lake
2%
Village1,450Sackets Harbor
2%
Village37Saltaire
2%
CDP1,645Sanborn
2%
Village592Schaghticoke
2%
Village1,367Sherburne
2%
Village3,661Sloan
2%
CDP809Star Lake
2%
Village1,738Stillwater
2%
Village863Theresa
2%
CDP5,032Thiells
2%
Village2,063Upper Nyack
2%
Village972Waddington
2%
CDP650Wainscott
2%
Village1,815Weedsport
2%
CDP4,648West Bay Shore
2%
CDP1,939West Hurley
2%
CDP5,011West Sayville
2%
CDP5,130Wheatley Heights
2%
Village964Whitney Point
2%
CDP562Accord
1%
Village822Afton
1%
Village466Almond
1%
Village1,720Altamont
1%
CDP730Altona
1%
Village145Ames
1%
CDP252Andes
1%
Village306Argyle
1%
Village844Arkport
1%
CDP1,693Averill Park
1%
CDP3,178Balmville
1%
CDP4,108Bardonia
1%
CDP7,350Baywood
1%
CDP837Belfast
1%
CDP226Belleville
1%
Village364Bemus Point
1%
CDP527Bliss
1%
Village420Bloomingburg
1%
CDP513Bolton Landing
1%
CDP626Breesport
1%
CDP2,089Brewster Hill
1%
Village470Bridgewater
1%
CDP2,900Brinckerhoff
1%
Village474Brushton
1%
Village340Burdett
1%
Village211Burke
1%
CDP391Busti
1%
CDP167Callicoon
1%
Village550Canaseraga
1%
Village2,270Canisteo
1%
CDP6,817Carmel Hamlet
1%
CDP518Caroga Lake
1%
Village351Castorland
1%
Village532Cato
1%
Village1,112Celoron
1%
CDP1,506Chadwicks
1%
Village833Chateaugay
1%
CDP2,883Chenango Bridge
1%
Village461Cherry Creek
1%
CDP1,905Clark Mills
1%
Village350Clayville
1%
Village2,127Clifton Springs
1%
CDP1,452Clintondale
1%
Village2,093Clyde
1%
Village329Cold Brook
1%
CDP345Colton
1%
CDP2,584Conesus Lake
1%
Village242Constableville
1%
CDP598Coopers Plains
1%
CDP823Copake Lake
1%
CDP2,224Country Knolls
1%
CDP449Cragsmoor
1%
CDP200Cranberry Lake
1%
Village618Croghan
1%
CDP2,840Crown Heights
1%
CDP362Dalton
1%
Village294Deferiet
1%
CDP519DeKalb Junction
1%
Village377Delanson
1%
CDP577Depauville
1%
CDP1,323Dover Plains
1%
CDP617Downsville
1%
CDP6,616East Glenville
1%
CDP2,231East Ithaca
1%
CDP276East Kingston
1%
Village587East Nassau
1%
Village620East Randolph
1%
CDP6,666East Shoreham
1%
CDP657Edmeston
1%
Village439Edwards
1%
CDP15,019Eggertsville
1%
Village1,058Elbridge
1%
CDP2,571Elma Center
1%
Village621Evans Mills
1%
Village352Fabius
1%
CDP372Felts Mills
1%
CDP89Fishers Landing
1%
Village351Fleischmanns
1%
Village697Forestville
1%
Village490Fort Johnson
1%
Village1,740Franklinville
1%
CDP421Freedom Plains
1%
Village520Freeville
1%
CDP1,906Frewsburg
1%
CDP4,185Gang Mills
1%
CDP4,373Gardnertown
1%
Village399Gilbertsville
1%
CDP2,099Glasco
1%
Village502Glen Park
1%
CDP8,443Glens Falls North
1%
Village285Grand View-on-Hudson
1%
CDP4,629Grandyle Village
1%
CDP843Great Bend
1%
Village2,620Green Island
1%
CDP362Guilford
1%
CDP1,009Hadley
1%
Village1,292Hagaman
1%
CDP624Hailesboro
1%
CDP1,042Hannawa Falls
1%
CDP5,508Harris Hill
1%
CDP557Hemlock
1%
CDP3,975Heritage Hills
1%
Village422Hermon
1%
Village90Herrings
1%
Village714Heuvelton
1%
CDP7,558Hillcrest
1%
CDP877Hillside
1%
CDP1,084Hillside Lake
1%
Village441Hobart
1%
CDP218Hortonville
1%
CDP3,458Hurley
1%
CDP2,408Jamestown West
1%
CDP14,142Jefferson Valley-Yorktown
1%
Village1,815Keeseville
1%
Village582Lacona
1%
CDP608La Fargeville
1%
CDP3,872Lake Erie Beach
1%
CDP6,010Lake Mohegan
1%
Village263Laurens
1%
CDP867Lime Lake
1%
CDP2,366Lincoln Park
1%
Village320Lisle
1%
CDP1,221Livingston Manor
1%
CDP174Lorraine
1%
CDP423Lyon Mountain
1%
Village566Lyons Falls
1%
CDP471Machias
1%
Village1,813Marcellus
1%
Village596Margaretville
1%
Village2,958Maybrook
1%
Village1,053McGraw
1%
Village309Meridian
1%
CDP1,256Merritt Park
1%
Village312Millport
1%
CDP1,069Minetto
1%
CDP1,269Mineville
1%
CDP1,545Morrisonville
1%
CDP6,878Mount Ivy
1%
Village474Munnsville
1%
CDP2,728Munsons Corners
1%
CDP431Narrowsburg
1%
CDP365Natural Bridge
1%
CDP2,244Nedrow
1%
Village596Nelliston
1%
Village628Nelsonville
1%
Village3,327New York Mills
1%
CDP1,338North Ballston Spa
1%
CDP2,521North Boston
1%
CDP2,641Northeast Ithaca
1%
CDP4,001North Great River
1%
CDP636North Rose
1%
CDP1,413Northwest Ithaca
1%
CDP286Oak Beach-Captree
1%
Village79Ocean Beach
1%
CDP6,982Orange Lake
1%
Village732Oriskany Falls
1%
Village1,010Otego
1%
CDP108Oxbow
1%
Village737Palatine Bridge
1%
CDP264Pamelia Center
1%
CDP254Parc
1%
CDP647Parishville
1%
CDP671Paul Smiths
1%
CDP1,629Peach Lake
1%
Village401Perrysburg
1%
Village1,989Phelps
1%
Village1,379Philmont
1%
CDP228Pierrepont Manor
1%
CDP275Pine Hill
1%
CDP813Pine Valley
1%
CDP1,260Plattekill
1%
CDP164Plessis
1%
Village1,641Port Dickinson
1%
Village1,194Port Henry
1%
Village672Port Leyden
1%
Village1,014Portville
1%
CDP656Prattsburgh
1%
Village291Prospect
1%
CDP698Pultneyville
1%
CDP3,844Putnam Lake
1%
CDP1,636Rapids
1%
Village532Red Creek
1%
CDP477Redford
1%
CDP3,613Red Oaks Mill
1%
Village332Rensselaer Falls
1%
Village1,264Richfield Springs
1%
CDP1,742Rock Hill
1%
CDP153Rodman
1%
CDP363Rushford
1%
Village677Rushville
1%
CDP551Schenevus
1%
CDP833Schroon Lake
1%
CDP609Scio
1%
CDP9,212Scotchtown
1%
Village7,729Scotia
1%
Village2,001Scottsville
1%
CDP2,011Seneca Knolls
1%
CDP15,477Setauket-East Setauket
1%
Village558Sharon Springs
1%
CDP1,898Shenorock
1%
CDP1,183Shokan
1%
Village1,439Shortsville
1%
Village782Silver Springs
1%
Village588Sinclairville
1%
CDP351Smithville Flats
1%
Village213Smyrna
1%
Village6,584Solvay
1%
CDP7,612Sound Beach
1%
Village3,234South Blooming Grove
1%
Village620South Dayton
1%
CDP8,324South Lockport
1%
CDP1,565Sparkill
1%
Village1,732St. Johnsville
1%
CDP1,173Stone Ridge
1%
CDP1,375Stottville
1%
CDP464St. Regis Falls
1%
CDP660Sunset Bay
1%
Village897Sylvan Beach
1%
CDP31Thousand Island Park
1%
CDP227Three Mile Bay
1%
CDP2,367Town Line
1%
CDP1,003Tribes Hill
1%
Village1,197Union Springs
1%
CDP6,066University at Buffalo
1%
CDP3,369Vails Gate
1%
Village1,819Valatie
1%
Village466Valley Falls
1%
Village537Van Etten
1%
Village605Victory
1%
CDP3,891Village Green
1%
CDP6,868Viola
1%
Village2,789Voorheesville
1%
CDP853Walker Valley
1%
CDP2,669Walton Park
1%
Village543Wampsville
1%
CDP3,199Wanakah
1%
CDP1,183Washington Mills
1%
Village580Wellsburg
1%
Village5,628Wesley Hills
1%
Village2,012West Carthage
1%
CDP529West Chazy
1%
CDP4,967West Elmira
1%
CDP1,940West End
1%
CDP7,071West Glens Falls
1%
CDP7,284Westmere
1%
CDP427Westmoreland
1%
CDP2,660West Sand Lake
1%
Village826West Winfield
1%
CDP753Willsboro
1%
CDP510Winthrop
1%
CDP347Witherbee
1%
Village847Woodridge
1%
Village1,246Wurtsboro
1%
CDP3,276Wynantskill
1%
Village2,689Yorkville
1%
Village869Angelica
0%
CDP2,242Beaver Dam Lake
0%
CDP1,685Billington Heights
0%
CDP6,177Binghamton University
0%
CDP303Blodgett Mills
0%
CDP213Bloomville
0%
Village1,047Bolivar
0%
CDP669Brasher Falls
0%
Village1,119Brownville
0%
CDP47Byersville
0%
Village851Candor
0%
CDP593Central Bridge
0%
CDP913Claverack-Red Mills
0%
CDP308Conesus Hamlet
0%
CDP1,356Cortland West
0%
CDP644Crystal Beach
0%
CDP183Cumminsville
0%
CDP297Cuylerville
0%
CDP349Davenport Center
0%
Village558DeRuyter
0%
CDP323Duane Lake
0%
CDP584Durhamville
0%
CDP608East Avon
0%
CDP10,224Fairmount
0%
CDP4,949Firthcliffe
0%
CDP572Forest Home
0%
CDP1,308Fort Covington Hamlet
0%
CDP227Fowlerville
0%
CDP1,218Friendship
0%
CDP4,617Galeville
0%
CDP485Glen Aubrey
0%
CDP617Gorham
0%
CDP209Greigsville
0%
CDP281Groveland Station
0%
CDP216Hall
0%
CDP2,417Hampton Manor
0%
CDP3,634Haviland
0%
CDP627High Falls
0%
CDP1,094Jefferson Heights
0%
CDP1,137Keuka Park
0%
CDP110Kysorville
0%
Village389Limestone
0%
CDP74Linwood
0%
CDP421Livonia Center
0%
CDP2,053Lorenz Park
0%
CDP4,250Lyncourt
0%
CDP405Malden-on-Hudson
0%
CDP722Mariaville Lake
0%
CDP6,446Mattydale
0%
CDP6,858Mechanicstown
0%
CDP2,294Melrose Park
0%
CDP1,588Mountain Lodge Park
0%
CDP6,790Myers Corner
0%
CDP1,174Napanoch
0%
Village997Newark Valley
0%
CDP759Newfield Hamlet
0%
CDP1,662Niverville
0%
CDP9,512North Gates
0%
Village778North Hornell
0%
Village625Oneida Castle
0%
CDP1,037Palenville
0%
CDP646Pavilion
0%
CDP220Piffard
0%
CDP1,061Poestenkill
0%
CDP453Port Gibson
0%
CDP355Prattsville
0%
CDP366Preston-Potter Hollow
0%
CDP340Retsof
0%
Village450Richburg
0%
CDP456Rifton
0%
CDP1,349Rosendale Hamlet
0%
CDP536Salisbury Mills
0%
CDP190Salt Point
0%
CDP849Sand Ridge
0%
CDP2,218Saugerties South
0%
CDP558Savannah
0%
CDP117Scottsburg
0%
CDP580Smallwood
0%
CDP2,870South Fallsburg
0%
CDP240South Lima
0%
CDP549Springwater Hamlet
0%
CDP798Stannards
0%
CDP9,216Stony Brook University
0%
CDP647Strykersville
0%
CDP3,676SUNY Oswego
0%
CDP1,586Tillson
0%
CDP811Titusville
0%
CDP190Wadsworth
0%
CDP2,381Watchtower
0%
CDP69Websters Crossing
0%
CDP1,472Weston Mills
0%
CDP4,963Westvale
0%
CDP518West Valley
0%
CDP80Woodsville
0%
CDP544York Hamlet
0%
CDP1,031Zena
0%

Score Distribution

Percentile by Number Answered

Percent of People with Each Score

Your Score History

You have not taken this quiz